Online
Catalog

Hamlet / (Record no. 39617)

MARC details
000 -CABECERA
campo de control de longitud fija 00559nam a2200169 a 4500
001 - NÚMERO DE CONTROL
campo de control 000040127
005 - FECHA Y HORA DE LA ÚLTIMA TRANSACCIÓN
campo de control 20201002033931.0
008 - DATOS DE LONGITUD FIJA--INFORMACIÓN GENERAL
campo de control de longitud fija 130808s1969 sp 000 0 spa d
040 ## - FUENTE DE LA CATALOGACIÓN
Centro catalogador/agencia de origen DO-SdBNP
Lengua de catalogación spa
Centro/agencia transcriptor BNPHU
100 1# - ENTRADA PRINCIPAL--NOMBRE DE PERSONA
Nombre de persona Shakespeare, William
9 (RLIN) 60053
245 10 - MENCIÓN DE TÍTULO
Título Hamlet /
Mención de responsabilidad, etc. William Shakespiare ; prólogo Juan Guerrero Zamora.
260 ## - PUBLICACIÓN, DISTRIBUCIÓN, ETC.
Lugar de publicación, distribución, etc. Madrid :
Nombre del editor, distribuidor, etc. Salvat Editores,
Fecha de publicación, distribución, etc. 1969.
300 ## - DESCRIPCIÓN FÍSICA
Extensión 178 p.
-- 19 cm.
490 1# - MENCIÓN DE SERIE
Mención de serie Biblioteca Básica Salvat
Designación de volumen o secuencia no. 7
700 1# - PUNTO DE ACCESO ADICIONAL--NOMBRE DE PERSONA
Nombre de persona Guerrero Zamora, Juan,
Término indicativo de función/relación pról.
9 (RLIN) 66390
830 #0 - PUNTO DE ACCESO ADICIONAL DE SERIE-TÍTULO UNIFORME
Título uniforme Biblioteca Básica Salvat
Número de parte o sección de la obra no. 7
9 (RLIN) 66391
Holdings
Estado de retiro Estado de pérdida Restricciones de uso No para préstamo Código de colección Localización permanente Ubicación/localización actual Ubicación en estantería Fecha de adquisición Número de inventario Total de préstamos Signatura topográfica completa Código de barras Fecha visto por última vez Precio válido a partir de Tipo de ítem Koha
        Monografías: Libros y Folletos General General En catalogación 08.08.2013 LF1   40127-10 25.06.2020 25.06.2020 Préstamo en sala

Powered by Koha